Quiz o Liberii - Statystyki

Ogólne statystyki
  • Ten quiz został rozwiązany 949 razy
    297 od ostatniego zresetowania
  • Średni wynik to 10 z 15
Statystyki odpowiedzi
Pytanie Odpowiedź % Poprawnych
Język urzędowy Angielski
95%
Wybrzeże Kości Słoniowej
88%
Waluta Liberii {Dolar} liberyjski
87%
Liberia powstała jako miejsce dla wyzwolonych niewolników z tego kraju Stany Zjednoczone
86%
Zgodnie z tamtejsztm prawem człowiek z Liberii może mieć aż cztery ____ Żony
86%
Państwa graniczące Gwinea
85%
Sierra Leone
84%
Stolica Liberii Monrovia
80%
Prezydent kraju, na cześć którego nazwano stolicę James Monroe
63%
Liberia posiada najwięcej _______ pod tzw. tanią banderą Statków
63%
Piłkarz, który zdobył Złotą Piłkę w 1995 roku i został wybrany na prezydenta w 2018 roku George Weah
61%
Rok powstania państwa 1847
42%
Produkt drzewny, który stanowi 11% eksportu Liberii Kauczuk
38%
Historyczna nazwa Liberii (wskazówka: przyprawa) Wybrzeże {Pieprzowe}
38%
Brutalny watażka oraz były prezydent skazany w Hadze w 2012 roku za zbrodnie przeciwko ludzkości Charles {Taylor}
25%
Nie znaleziono quizów pasujących do podanych kryteriów
Rozkład punktacji
Procent ludzi z każdym wynikiem
Percentyl według liczby udzielonych odpowiedzi
Twoja historia wyników
Nie rozwiązałeś tego quizu od ostatniego zresetowania